| 000 | 00000nas##2200000za#4500 |
| 001 | 9.507019 |
| 003 | CaOODSP |
| 005 | 20200325093143 |
| 007 | cr ||||||||||| |
| 008 | 150406c2006||||xxc|| p o||||f| |0eng|d |
| 040 | |aCaOODSP|beng |
| 043 | |an-cn--- |
| 086 | 1 |aIu77-1/3E-PDF |
| 110 | 1 |aCanada.|bOffice of the Registrar of Lobbyists. |
| 245 | 10|aOffice of the Registrar of Lobbyists - Access to Information Act and Privacy Act, annual report ... |h[electronic resource] |
| 260 | |aOttawa - Ontario : |bOffice of the Registrar of Lobbyists |
| 310 | |aAnnual |
| 362 | 1 |a2005/2006-2007/2008 |
| 775 | 08|tBureau du Directeur des lobbyistes, Loi sur l'accès à l'information et Loi sur la protection des renseignements personnels, rapport annuel ... |w(CaOODSP)9.503412 |